Romance de Alauwen y Eliosad
Guardat en:
| Autor principal: | |
|---|---|
| Format: | Llibre |
| Idioma: | espanyol |
| Publicat: |
Santiago
LOM
2007
|
| Edició: | 1a. ed |
| Col·lecció: | Colección Narrativa
|
| Matèries: | |
| Etiquetes: |
Afegir etiqueta
Sense etiquetes, Sigues el primer a etiquetar aquest registre!
|
MARC
| LEADER | 00000nam a2200000 a 4500 | ||
|---|---|---|---|
| 001 | UCI4739 | ||
| 003 | CL-VaPUC | ||
| 008 | 080229e20070000CL |||||||||||||||||spa|d | ||
| 020 | |a 9789562829083 | ||
| 082 | 0 | 4 | |a Ch863 |b FUE |2 21 |
| 100 | 0 | |a Fuente, Marcelo |e author |9 526734 | |
| 245 | 1 | 0 | |a Romance de Alauwen y Eliosad |
| 250 | |a 1a. ed | ||
| 300 | |a 214 p | ||
| 942 | |c BK | ||
| 945 | |d 20080229 00:00:00 |a jtorresc | ||
| 260 | |a Santiago |b LOM |c 2007 | ||
| 650 | 0 | |a Novelas chilenas |9 265425 | |
| 650 | 0 | |a Literatura chilena |9 308278 | |
| 583 | |a last modification |c 20080229 00:00:00 |k Rodrigo Vera | ||
| 490 | 0 | |a Colección Narrativa | |
| 999 | |c 328585 |d 328583 | ||
| 952 | |0 0 |1 0 |4 0 |6 CH_863_000000000000000_FUE_2007 |7 0 |8 A |9 412555 |a BIBCUR |b BIBCUR |d 2019-11-22 |i 4408454 |o Ch863 FUE 2007 |p 4408454 |r 2025-04-22 |w 2019-11-22 |y BK |k PER | ||